Normale Ansicht MARC-Ansicht ISBD

Sruliad sak̕art̕velos kat̕olikos patriark̕ebi 1917-1927 cc. ši cerilebi (Titelsatznr. 73980)

[ MARC ]
MARC-Details
000 -Satzkennung
Kontrollfeld mit fester Länge 00999nam a22003133u 4500
001 - Kontrollnummer
Kontrollfeld DHIM2026032313370005
003 - Kontrollnummer Identifier
Kontrollfeld RU-10907106
005 - Datum und Zeit der letzten Transaktion
Kontrollfeld 20260323134217.0
007 - Feld mit fester Länge zur physischen Beschreibung - Allgemeine Information
Kontrollfeld mit fester Länge tu
008 - Feld mit fester Länge zur physischen Beschreibung - Allgemeine Angaben
Kontrollfeld mit fester Länge 260323s2010 gau ||| ||| 000 0 geo d
020 ## - Internationale Standardbuchnummer
Verknüpfung 978-9941-18-000-2
Internationale Standardbuchnummer 9789941180002
040 ## - Katalogisierungsquelle
Original-Katalogisierungsstelle RU-10907106
Katalogisierungssprache ger
Übertragungsstelle RU-10907106
041 ## - Sprachcode
Sprachcode des Textes/der Tonspur oder des separaten Titels geo
245 #0 - Titel
Titel Sruliad sak̕art̕velos kat̕olikos patriark̕ebi 1917-1927 cc. ši cerilebi
264 #1 - Produktion, Veröffentlichung, Distribution, Herstellung und Urheberrechtsvermerk
Herstellungs-, Veröffentlichungs- Vertriebs-, Erzeugungsort Tbilisi
Produzent, Herausgeber, Distributor, Hersteller Ilia State University Press
Datum der Herstellung, der Veröffentlichung, des Vertriebs oder des Urheberschutzvermerks 2010
300 ## - Physische Beschreibung
Umfang 60 Seiten
336 ## - Inhaltstyp
Quelle rdacontent
Inhaltstypterm Text
Inhaltstypcode txt
337 ## - Medientyp
Quelle rdamedia
Bezeichnung des Medientyps Ohne Hilfsmittel zu benutzen
Medientypcode n
338 ## - Datenträgertyp
Quelle rdacarrier
Datenträgertypbezeichnung Band
Datenträgertypcode nc
490 0# - Gesamttitelangabe
Gesamttitelangabe Seria ilias bibliot̕eka
Bandnummer/Folgebezeichnung 3
650 ## - Nebeneintragung unter einem Schlagwort - Sachschlagwort
Sachschlagwort oder geografischer Name als Eintragungselement Patriarch
Koha-Normdatenidentnummer 68912
650 ## - Nebeneintragung unter einem Schlagwort - Sachschlagwort
Sachschlagwort oder geografischer Name als Eintragungselement Georgische Orthodoxe Kirche
Koha-Normdatenidentnummer 68913
650 ## - Nebeneintragung unter einem Schlagwort - Sachschlagwort
Sachschlagwort oder geografischer Name als Eintragungselement Briefsammlung
Koha-Normdatenidentnummer 2111
651 ## - Nebeneintragung unter einem Schlagwort - Geografischer Name
Geografischer Name Georgien
700 1# - Nebeneintragung - Personenname
Funktionsbezeichnungscode aut
Personenname Kiril II (Sażaglišvili)
Koha-Normdatenidentnummer 68914
700 1# - Nebeneintragung - Personenname
Funktionsbezeichnungscode aut
Personenname Leonide Ok̕ropiriże
Koha-Normdatenidentnummer 68915
700 1# - Nebeneintragung - Personenname
Funktionsbezeichnungscode aut
Personenname Ambrosi Xelaia
Koha-Normdatenidentnummer 68916
942 ## - Zusätzliche Felder (Koha)
Klassifikation oder Aufstellungssystematik Andere/Generische Klassifikation
Koha-Medientyp Monographien
Exemplare
Ausgeschieden Verloren Klassifikation oder Aufstellungssystematik Beschädigt Nicht entleihbar Heimatbibliothek Aufenthaltsbibliothek Erwerbungsdatum Inventarnummer Barcode Letzte Aktivität Preis gültig von Koha-Medientyp
    Andere/Generische Klassifikation     MWN Osteuropa MWS-Büro Georgien 23/03/2026 26-00157 76914 23/03/2026 23/03/2026 Monographien